000 01237nam a22003618a 4500
001 24848438
003 TR-AnTOB
005 20260219113333.0
008 911023s1992 enka b 001 0 eng d
010 _agb 91084984
015 _aGB91-84984
020 _a0702014737
040 _aUKM
_cUKM
_dVET
_dNOH
_dOSU
_dUtOrBLW
_dTR-AnTOB
_beng
_erda
041 _aeng
050 _aQP514.2
_b.A66 1992
090 _aQP514.2
_b.A66 1992
100 1 _aApps, D. K.
_eauthor
_9152596
245 1 0 _aBiochemistry :
_ba concise text for medical students /
_cD.K. Apps, B.B. Cohen, and C.M. Steel.
250 _a5th ed.
264 1 _aLondon :
_bPhiladelphia :
_bBallière Tindall,
_c1992.
300 _avii, 448 pages :
_bill. (some col.) ;
_c25 cm
336 _atext
_btxt
_2rdacontent
337 _aunmediated
_bn
_2rdamedia
338 _avolume
_bnc
_2rdacarrier
504 _aBIBINDX
505 0 _tCell structure --
_tAmino acids, peptides and proteins --
_tEnzymes --
_tMembranes --
_tBlood --
_tNutrition.
590 _adonated by Nesrin Uzunoğlu
650 0 _aBiochemistry
_9523
700 1 _aCohen, Brian,
_d1942-
_eauthor
_9152597
700 1 _aSteel, C. M.
_q(C. Michael)
_eauthor
_9152598
942 _2lcc
_cBK
999 _c200427728
_d45652